00821nam a2200193 a 450000100100000000500170001000800410002704000250006808200150009324500990010826000960020730000210030349000210032483000280034504900090037395201120038295201180049499900150061200000929720200929161540.0090929s1998 dr 001 0 spa d aDO-SdBNPbspacBNPHU axxxbR311r00aRecomendaciones para la reforma a la codificación del derecho procesal y sustantivo penal /. aSanto Domingo :bComisionado de Apoyo a la Reforma y Modernización de la Justicia,c1998. a157 p. ;c22 cm.1 aForum Permanente 0aForum Permanente914597 aBNPD 0010718PDaPDbPDcHDd2009-09-29iLF1l0oxxx R311rp9297-10r2020-06-25w2020-06-25yLFPDZNo se presta 0010718PDaPDbPDcHDd2013-07-11iLF1l0oxxx R311rp9297-20r2020-06-25te. 2w2020-06-25yLFPDZNo se presta c9058d9058